[Event "First Saturday 2009 oktober IM-A"]
[Site "Budapest"]
[Date "2009.10.10"]
[Round "8"]
[White "Kahn, Evarth dr"]
[Black "Dencsi, Tibor"]
[Result "0-1"]
[WhiteElo "2245"]
[BlackElo "2338"]
[PlyCount "112"]
[EventDate "2009.10.03"]

1. a3 Nf6 2. c4 g6 3. Nc3 Bg7 4. e4 O-O 5. g3 c5 6. Bg2 Nc6 7. Nge2 Ne8 8. O-O
Nc7 9. d3 Ne6 10. Rb1 a5 11. Be3 d6 12. f4 Ned4 13. h3 e6 14. Nb5 f5 15. Nexd4
cxd4 16. Bd2 a4 17. Bb4 Nxb4 18. axb4 Qb6 19. Qd2 Bd7 20. Na3 Rfc8 21. e5 dxe5
22. c5 Qc7 23. Nc4 Rab8 24. Rfe1 exf4 25. Qxf4 Qxf4 26. gxf4 Rc7 27. Nb6 Kf7
28. Nxd7 Rxd7 29. b5 Rc7 30. c6 bxc6 31. Bxc6 Bf8 32. Rbc1 a3 33. bxa3 Ra7 34.
Ra1 Rxa3 35. Rxa3 Bxa3 36. Kg2 h6 37. Kf3 g5 38. Ra1 Bc5 39. Ra8 Rxa8 40. Bxa8
Kf6 41. Bc6 e5 42. fxe5+ Kxe5 43. Be8 Kf6 44. Bh5 g4+ 45. Kg2 Kg5 46. Be8 h5
47. Bd7 f4 48. hxg4 hxg4 49. Bc6 f3+ 50. Kg3 Bb6 51. Kf2 Kf4 52. Kf1 g3 53. Bb7
Ke3 54. Be4 g2+ 55. Kg1 Bc7 56. Bf5 Bg3 0-1

[Event "First Saturday 2009 oktober IM-A"]
[Site "Budapest"]
[Date "2009.10.10"]
[Round "8"]
[White "Roberts, Paul"]
[Black "Rooze, Jan"]
[Result "1/2-1/2"]
[WhiteElo "2193"]
[BlackElo "2253"]
[PlyCount "25"]
[EventDate "2009.10.03"]

1. f4 Nf6 2. Nf3 c5 3. d3 d5 4. g3 Nc6 5. Bg2 g6 6. O-O Bg7 7. Nc3 O-O 8. e4 d4
9. Ne2 c4 10. h3 cxd3 11. cxd3 Nd7 12. g4 Nc5 13. Ne1 1/2-1/2

[Event "First Saturday 2009 oktober IM-A"]
[Site "Budapest"]
[Date "2009.10.11"]
[Round "9"]
[White "Rooze, Jan"]
[Black "Le, Thanh Tu"]
[Result "0-1"]
[WhiteElo "2253"]
[BlackElo "2305"]
[PlyCount "64"]
[EventDate "2009.10.03"]

1. e4 Nf6 2. e5 Nd5 3. d4 d6 4. Nf3 Bg4 5. Be2 e6 6. h3 Bh5 7. c4 Nb6 8. exd6
cxd6 9. Nc3 Be7 10. d5 O-O 11. dxe6 fxe6 12. Nd4 Bf7 13. O-O Nc6 14. Nf3 Bh5
15. Re1 Kh8 16. b3 Bf6 17. Bd2 Bxf3 18. Bxf3 Bd4 19. Re4 Nd7 20. Rxe6 Nde5 21.
Bxc6 Rxf2 22. Kh1 bxc6 23. c5 dxc5 24. Ne4 Qd5 25. Be3 Bxa1 26. Qxa1 Qxe6 27.
Nxc5 Qf5 28. Bxf2 Qxf2 29. Qxe5 Rf8 30. Ne6 Qf6 31. Qc5 Re8 32. Ng5 Re1+ 0-1

[Event "First Saturday 2009 oktober IM-A"]
[Site "Budapest"]
[Date "2009.10.11"]
[Round "9"]
[White "Dave, Dhyani"]
[Black "Kahn, Evarth dr"]
[Result "1/2-1/2"]
[WhiteElo "2124"]
[BlackElo "2245"]
[PlyCount "77"]
[EventDate "2009.10.03"]

1. e4 c5 2. Nf3 d6 3. d4 cxd4 4. Nxd4 Nf6 5. Nc3 g6 6. Be3 Bg7 7. f3 O-O 8. Qd2
Nc6 9. O-O-O d5 10. Nxc6 bxc6 11. Bh6 e6 12. g4 Rb8 13. Bxg7 Kxg7 14. h4 Qb6
15. b3 dxe4 16. Nxe4 Nxe4 17. fxe4 Qc5 18. g5 e5 19. Kb1 Bg4 20. Be2 Rfd8 21.
Qe1 Rxd1+ 22. Qxd1 Be6 23. Rf1 Qd4 24. Qxd4 exd4 25. c3 dxc3 26. Kc2 Rb4 27.
Bd3 c5 28. Kxc3 Rd4 29. Rf3 a5 30. a3 h5 31. Bc2 Kf8 32. Rf2 Ke7 33. Rd2 Rxd2
34. Kxd2 Kd6 35. Ke3 Ke5 36. Bd1 Bh3 37. Bc2 Bg4 38. Bd3 Be6 39. Bc2 1/2-1/2

[Event "First Saturday 2009 oktober IM-A"]
[Site "Budapest"]
[Date "2009.10.11"]
[Round "9"]
[White "Vegh, Endre"]
[Black "Lengyel, Bela"]
[Result "1/2-1/2"]
[WhiteElo "2296"]
[BlackElo "2251"]
[PlyCount "24"]
[EventDate "2009.10.03"]

1. e4 e5 2. Nf3 Nc6 3. Bc4 Nf6 4. d3 Bc5 5. O-O d6 6. Nc3 Be6 7. Bg5 h6 8. Bxf6
Qxf6 9. Nd5 Bxd5 10. Bxd5 O-O 11. Bxc6 bxc6 12. c3 a5 1/2-1/2